อักขรานุกรมนามสกุลพระราชทานในพระบาทสมเด็จพระมงกุฎเกล้าเจ้าอยู่หัว / (ระเบียนเลขที่ 2089)
| 000 -LEADER | |
|---|---|
| fixed length control field | 01425nam a22002057a 4500 |
| 003 - CONTROL NUMBER IDENTIFIER | |
| control field | NALT |
| 005 - DATE AND TIME OF LATEST TRANSACTION | |
| control field | 20211227101350.0 |
| 008 - FIXED-LENGTH DATA ELEMENTS--GENERAL INFORMATION | |
| fixed length control field | s2529 th tha d |
| 040 ## - CATALOGING SOURCE | |
| Original cataloging agency | NALT |
| 041 ## - LANGUAGE CODE | |
| Language code of text/sound track or separate title | tha |
| 090 ## - LOCALLY ASSIGNED LC-TYPE CALL NUMBER (OCLC); LOCAL CALL NUMBER (RLIN) | |
| Classification number (OCLC) (R) ; Classification number, CALL (RLIN) (NR) | AD 280 |
| Local cutter number (OCLC) ; Book number/undivided call number, CALL (RLIN) | ค123อ 2529 |
| 110 2# - MAIN ENTRY--CORPORATE NAME | |
| 9 (RLIN) | 55240 |
| Corporate name or jurisdiction name as entry element | คณะกรรมการรวบรวมและค้นคว้าเกี่ยวกับพระราชนิพนธ์ ฯลฯ ของพระบาทสมเด็จพระมงกุฎเกล้าเจ้าอยู่หัว |
| 245 10 - TITLE STATEMENT | |
| Title | อักขรานุกรมนามสกุลพระราชทานในพระบาทสมเด็จพระมงกุฎเกล้าเจ้าอยู่หัว / |
| Statement of responsibility, etc. | คณะกรรมการรวบรวมและค้นคว้าเกี่ยวกับพระราชนิพนธ์ ฯลฯ ของพระบาทสมเด็จพระมงกุฎเกล้าเจ้าอยู่หัว. |
| 260 ## - PUBLICATION, DISTRIBUTION, ETC. | |
| Place of publication, distribution, etc. | กรุงเทพฯ : |
| Name of publisher, distributor, etc. | มูลนิธิพระบรมราชานุสรณ์ พระบาทสมเด็จพระมงกุฎเกล้าเจ้าอยู่หัว, |
| Date of publication, distribution, etc. | 2529. |
| 300 ## - PHYSICAL DESCRIPTION | |
| Extent | 380 หน้า ; |
| Other physical details | |
| Dimensions | 21x30 ซม. |
| 650 #4 - SUBJECT ADDED ENTRY--TOPICAL TERM | |
| Topical term or geographic name entry element | นามสกุล |
| 9 (RLIN) | 442 |
| 850 ## - HOLDING INSTITUTION | |
| Holding institution | NALT |
| 942 ## - ADDED ENTRY ELEMENTS (KOHA) | |
| Koha item type | Reference Book |
| Source of classification or shelving scheme | Local Classification |
| 998 ## - STAFF NAME (NALT) | |
| -- | 104 |
| -- | สายฝน ดีงาม |
| Withdrawn status | Lost status | Source of classification or shelving scheme | Damaged status | Not for loan | Collection code | Home library | Current library | Shelving location | Date acquired | Full call number | Barcode | Date last seen | Price effective from | Koha item type |
|---|---|---|---|---|---|---|---|---|---|---|---|---|---|---|
| Local Classification | Reference Book collection | National Assembly Library of Thailand | National Assembly Library of Thailand | Reference shelves | 27/12/2021 | อ AD 280 ค123อ 2529 | 3961101043 | 09/06/2017 | 09/06/2017 | Reference Book |
